000 00659nam a22002297a 4500
003 DO-SdBNP
005 20180124145430.0
008 151112b 2006 sp ||||| |||| 00| 0 spa d
020 _a8495280035
040 _aBPMSU
_bspa
_cBPMSU
092 _axxxx
_bxxxx
100 1 _aSánchez Vigil, Juan Miguel
245 1 0 _aEl enigma de la ciudad del metro /
_cJuan Miguel Sánchez Vigil ; ilustración, Gustavo Otero.
260 _aMadrid :
_bDylar,
_c2006.
300 _a173 p. :
_bil. ;
_c19 cm.
490 1 _aL
_v16
700 1 2 _aOtero, Gustavo,
_eil.
830 0 _aL
_n16
942 _2ddc
_cBK
945 _aInventariado, 2018 /LP
956 _aLOPEREZ
_b10
999 _c8661
_d8661